000 nam a22 7a 4500
999 _c9393
_d9393
008 180129b ||||| |||| 00| 0 eng d
100 _aDurgesh P K
_95621
245 _aScience & Technology - VIII
260 _aDelhi
_bConvent Publication
_c2007